The mediator twilight

Bibliographic Details
Main Author: Cabot,Meg
Format: Book
Published: New York : Avon Books , 2006
Subjects:

MARC

LEADER 00000cam a2200000 7i4500
001 0000009640
005 20071002.0
008 071002
020 |a 0060724692 
090 0 0 |a CAB   |b ENG 
100 1 |a Cabot,Meg 
245 1 4 |a The mediator twilight   |c Meg Cabot 
260 |a New York :   |b Avon Books ,   |c 2006 
650 0 |a English fiction 
999 |a 0000999141   |b Book   |c Adult Collection   |e Perbadanan Perpustakaan Awam Johor 
999 |a 0000999142   |b Book   |c Adult Collection   |e Perbadanan Perpustakaan Awam Johor 
999 |a 0000999143   |b Book   |c Adult Collection   |e Perbadanan Perpustakaan Awam Johor